Agustín de Hipona: una introducción
Saved in:
| Main Author: | |
|---|---|
| Format: | Book |
| Language: | Spanish |
| Published: |
Santiago
Instituto de Estudios de la Sociedad
2012
|
| Edition: | 1a. ed |
| Series: | Colección IES
|
| Subjects: | |
| Tags: |
Add Tag
No Tags, Be the first to tag this record!
|
MARC
| LEADER | 00000cam a2200000 a 4500 | ||
|---|---|---|---|
| 001 | UCD6144 | ||
| 003 | CL-VaPUC | ||
| 008 | 161118e20120000cl |||||||||||||||||spa|d | ||
| 020 | |a 9789568639174 | ||
| 082 | 0 | 4 | |a 189.2 |b HOR |2 21 |
| 100 | 0 | |a Horn, Christoph |e author |9 589836 | |
| 245 | 1 | 0 | |a Agustín de Hipona: una introducción |
| 250 | |a 1a. ed | ||
| 300 | |a 191 p | ||
| 942 | |c BK | ||
| 945 | |d 20161118 09:36:00 |a arojas | ||
| 260 | |a Santiago |b Instituto de Estudios de la Sociedad |c 2012 | ||
| 600 | 0 | 7 | |a AGUSTIN DE HIPONA |2 CL-VaPUC |9 512434 |
| 650 | 0 | |a Biografías |9 255210 | |
| 650 | 7 | |a SANTOS |2 CL-VaPUC |9 313738 | |
| 583 | |a last modification |c 20170426 02:11:44 |k Rodrigo Vera | ||
| 490 | 0 | |a Colección IES | |
| 999 | |c 366519 |d 366517 | ||
| 952 | |0 0 |1 0 |3 erb |4 0 |6 189_200000000000000_HOR_2012 |7 0 |8 A |9 480798 |a BIBEDU |b BIBEDU |i 5348064 |o 189.2 HOR 2012 |p 5348064 |r 2019-11-24 |w 2019-11-24 |y BK |z Catalogado en:20161118 |k FIL | ||
| 952 | |0 0 |1 0 |3 erb |4 0 |6 189_200000000000000_HOR_2012 |7 0 |8 A |9 480799 |a BIBTEO |b BIBTEO |i 5371570 |l 2 |o 189.2 HOR 2012 |p 5371570 |r 2025-05-07 |s 2025-05-07 |w 2019-11-24 |y BK |z Catalogado en:20170407 |k ICR | ||
| 952 | |0 0 |1 0 |3 erb |4 0 |6 189_200000000000000_HOR_2012 |7 0 |8 A |9 480800 |a BIBTEO |b BIBTEO |i 5371589 |l 1 |o 189.2 HOR 2012 |p 5371589 |r 2025-01-17 |s 2024-03-20 |w 2019-11-24 |y BK |z Catalogado en:20170407 |k ICR | ||